000
00213 a2200097 4500
001
8400
090
_c
6770
_d
6770
100
_a
Boas, G
245
_a
Modern English prose Ist series (Transfered to SOA)
260
_b
Macmillan
942
_a
NUST-CAE
999
_c
243473
_d
243473